000 00305nam a22001337a 4500
008 171031b xxu||||| |||| 00| 0 eng d
020 _a0134880722
041 _aeng
080 _28 ED
_a33
100 _a58
101 _aBUS
245 _aINTRODUCTION MODERN BUSINESS
_cVERNON.A.M
942 _2udc
_cBK
999 _c36679
_d36679